| 000 | 00582nam a2200157Ia 4500 | ||
|---|---|---|---|
| 008 | 260210s9999 xx 000 0 und d | ||
| 024 | _a20B-124-CS, 20B-122-CS & 20B-125-CS | ||
| 082 | _a006.76072 HOD | ||
| 100 | _aSyed Hamza Hoda, Muhammad Rayyan & Abdul Rafay | ||
| 110 | _aAsst. Prof. Zeeshan Saleem Khan | ||
| 245 | 0 | _aReact UI Builder | |
| 260 |
_aKarachi: _bUITU, _c2020 |
||
| 600 | _aBachelor of Computer Science (BS) | ||
| 650 | _aComputer Science | ||
| 856 |
_uhttps://drive.google.com/file/d/1qIyeDwUFyE03drUvd2oiD7vtLDnCcUq2/view?usp=sharing _yClick Here for PDF |
||
| 999 |
_c32536 _d32536 |
||